Central Library OPAC University of Rajshahi

The waning of the Middle Ages : (Record no. 24760)

MARC details
000 -LEADER
fixed length control field 00982cam a2200289I 4500
001 - CONTROL NUMBER
control field 24760
003 - CONTROL NUMBER IDENTIFIER
rucl marc code BD-RjUL
005 - DATE AND TIME OF LATEST TRANSACTION
control field 20211209001108.0
008 - FIXED-LENGTH DATA ELEMENTS--GENERAL INFORMATION
fixed length control field 140315r19701924enk 001 0 eng d
020 ## - INTERNATIONAL STANDARD BOOK NUMBER
International Standard Book Number 0713152303
035 ## - SYSTEM CONTROL NUMBER
System control number (BD-RjUL) 24829
System control number (NNC)4715889
040 ## - CATALOGING SOURCE
Original cataloging agency CPL
Transcribing agency CPL
Language of cataloging eng
Modifying agency BD-RjUL
041 ## - LANGUAGE CODE
Language code of text/sound track or separate title eng
082 04 - DEWEY DECIMAL CLASSIFICATION NUMBER
Classification number 940.1
Author mark and year HUW 1970
098 ## - OTHER CLASSIFICATION SCHEMES (OCLC)
Call number based on other classification scheme IM3
100 1# - MAIN ENTRY--PERSONAL NAME
Personal name Huizinga, Johan,
Dates associated with a name 1872-1945.
9 (RLIN) 73596
245 14 - TITLE STATEMENT
Title The waning of the Middle Ages :
Remainder of title a study of the forms of life, thought and art in France and the Netherlands in the XIVth and XVth centuries /
Statement of responsibility, etc. Johan Huizinga,
260 ## - PUBLICATION, DISTRIBUTION, ETC. (IMPRINT)
Place of publication, distribution, etc. London :
Name of publisher, distributor, etc. E. Arnold,
Date of publication, distribution, etc. c1924 [Reprinted 1970]
300 ## - PHYSICAL DESCRIPTION
Pagination viii, 328 p.
Size 23 cm.
504 ## - BIBLIOGRAPHY, ETC. NOTE
Bibliography, etc Bibliography: p. 309-318. and Index
650 #0 - SUBJECT ADDED ENTRY--TOPICAL TERM
Topical term or geographic name as entry element Civilization, Medieval.
9 (RLIN) 76216
Topical term or geographic name as entry element Middle Ages.
9 (RLIN) 76217
651 #0 - SUBJECT ADDED ENTRY--GEOGRAPHIC NAME
Geographic name France
General subdivision Social life and customs.
9 (RLIN) 76218
Geographic name Netherlands
General subdivision Social life and customs.
9 (RLIN) 76219
942 ## - ADDED ENTRY ELEMENTS (KOHA)
Source of classification or shelving scheme Dewey Decimal Classification
Koha item type Books
Holdings
Lost status Source of classification or shelving scheme Damaged status Not for loan Collection code Permanent Location Current Location Shelving location Date acquired Source of acquisition Cost, normal purchase price Total Checkouts Full call number Date last seen Date checked out Copy number Koha item type
  Dewey Decimal Classification     Non-fiction Central Library, University of Rajshahi Central Library, University of Rajshahi   28/11/1975 Gonathan Were & Co. 5.50 1 940.1 HUW 1970 21/12/2015 19/10/2015 C-2 Books
  Dewey Decimal Classification     Non-fiction Central Library, University of Rajshahi Central Library, University of Rajshahi   28/11/1975 Gonathan Were & Co. 5.50 1 940.1 HUW 1970 30/12/2015 19/10/2015 C-3 Books
  Dewey Decimal Classification     Non-fiction Central Library, University of Rajshahi Central Library, University of Rajshahi   19/10/2015       940.1 HUW 1970 19/10/2015   C-4 Books